[Event "Hamburg St Pauli op-B"]
[Site "Hamburg"]
[Date "2014.07.20"]
[Round "2"]
[White "Linnebuhr, Timm"]
[Black "Schwerdtfeger, Wolfgang"]
[Result "1/2-1/2"]
[WhiteElo "1637"]
[BlackElo "1812"]
[PlyCount "43"]
[EventDate "2014.07.19"]
[EventType "swiss"]
[EventRounds "9"]
[EventCountry "GER"]
[SourceTitle "CBM 161 Extra"]
[Source "ChessBase"]
[SourceDate "2014.08.29"]
[SourceVersion "1"]
[SourceVersionDate "2014.08.29"]
[SourceQuality "1"]

1. e4 c5 2. d4 cxd4 3. c3 d3 4. Bxd3 d6 5. f4 g6 6. Nf3 Bg7 7. 0-0 Nf6 8. Nbd2 0-0 9. Qe1 Nbd7 10. f5 Nc5 11. Bc2 b6 12. e5 dxe5 13. Nxe5 Bb7 14. Ndf3 Bxf3 15. Rxf3 Rc8 16. Qh4 Ncd7 17. Nxd7 Qxd7 18. Bg5 Rfe8 19. Raf1 Qc6 20. Rh3 Qc5+ 21. Kh1 Qc4 22. Qxc4 1/2-1/2